Plus de 100kg - Statistiques

Statistiques générales
  • Ce quiz a été pris 162 fois
  • Le résultat moyen est 7 sur 18
Answers on the Grid
Answers color-coded by a green-red scale on the quiz's grid according to % correct below.
Un piano
Un bébé grizzli
Une palette Europe chargée de 10 sacs de ciment
Un frigo américain rempli
Une porte blindée
Un quad
Un lion mâle adulte
Une vache
Un thon rouge adulte
Un anaconda femelle adulte
Un radiateur en fonte
Une borne de recharge électrique
Un bloc de glace 0,5 m³
Un groupe électrogène de chantier
Une table de ping-pong extérieure en béton
Un four à pizza napolitain en pierre
Une roue arrière de tracteur agricole
Un béluga juvénile
Une statue en polystyrène 30m
Un grand micro-ondes
Un vélo électrique
3 valises pleines prêtes pour l'aéroport
Une table basse en verre
Une portière de voiture complète
Un crocodile du Nil bébé de 1m
Une télé 85 pouces
Une machine à laver moderne
Un néon industriel
Un coffre de toit pour voiture
Un mannequin de vitrine
Un sac de frappe rempli d’eau
Un léopard
 
Statistiques - réponses
Réponse % Correct
Une vache
58%
Un piano
55%
Un four à pizza napolitain en pierre
49%
Un lion mâle adulte
48%
Un quad
48%
Une table de ping-pong extérieure en béton
44%
Un frigo américain rempli
44%
Une palette Europe chargée de 10 sacs de ciment
43%
Une porte blindée
43%
Une roue arrière de tracteur agricole
41%
Un béluga juvénile
38%
Un groupe électrogène de chantier
35%
Un radiateur en fonte
26%
Une borne de recharge électrique
25%
Un thon rouge adulte
25%
Un bloc de glace 0,5 m³
24%
Un anaconda femelle adulte
22%
Un bébé grizzli
13%
Aucun quiz correspondant
Distribution des résultats
% des personnes avec chaque résultat
Percentile par nombre de réponses
Votre historique - résultats
Vous n’avez pas pris ce quiz